Konštrukcie pozemných stavieb I. /

Guardado en:
Detalles Bibliográficos
Autor principal: Horniaková, Lýdia (Autor)
Formato: Libro
Lenguaje:eslovaco
Publicado: Bratislava: Alfa, 1988
Edición:1. vyd.
Colección:Edícia stavebníckej literatúry
Etiquetas: Agregar Etiqueta
Sin Etiquetas, Sea el primero en etiquetar este registro!

MARC

LEADER 00000nam a22000003a 4500
001 0083261
003 SK-STU
005 20200914091836.1
007 ta
008 200914s ----xo-----e------000-0-----d
040 |a STU  |b slo 
041 0 |a slo  |h slo 
044 |a xo 
100 1 |a Horniaková, Lýdia  |4 aut 
245 1 0 |a Konštrukcie pozemných stavieb I. /  |c aut. Lýdia Horniaková 
250 |a 1. vyd. 
260 |a Bratislava:  |b Alfa,   |c 1988 
300 |a 384 s. 
490 0 |a Edícia stavebníckej literatúry 
996 |b 284V041515  |c V* 53077/O-24237  |l VVT  |s A  |a 24  |w 0083261_0001